000 00328nam a2200133Ia 4500
008 220204s9999 xx 000 0 und d
082 _a581.4
_bBAI
100 _aBAILEY, Irving W
245 0 _aContributions to plant anatomy
260 _aUSA
_bWaltham Mass
_c1954
650 _aCambium
650 _aPlant anatomy
942 _cBK
999 _c21367
_d21367